00441nam a2200157 450000500170000001000150001702000110003203500140004303700090005708200100006610000180007624500710009426000400016527000580020530000200026320250108165801.0 aENG-143232 c120.00 aEN-126764 bDBAD a133.5 aChugh, Sumeet aDetermining Profession and ups & Douns in Career/cby Sumeet Chugh aNew DelhibSagar Publicationsc2022 a72, Janpath, Ved Mension bNew Delhie110001k3320648 a189p.c21cm(pb)